Statistics for Random Cities on the Map by Letter - L

Click here to take the quiz!

General Stats

  • This quiz has been taken 693 times
  • The average score is 7 of 8

Answers on the Map

Answers color-coded by a green-red scale on the quiz's map according to % correct below.
 

Answer Stats

City% Correct
Las Vegas
100%
Lisbon
100%
London
100%
Los Angeles
100%
Lima
94%
Ljubljana
88%
La Paz
87%
Liverpool
86%
Lyon
86%
Lahore
84%
Luanda
82%
Lagos
80%
Libreville
77%
Leeds
76%
Lilongwe
73%
Lusaka
70%
Louisville
69%
Lome
68%
Luxor
67%
Leipzig
65%
Lille
63%
Lucknow
54%
Lhasa
50%

Score Distribution

Percentile by Number Answered

Percent of People with Each Score

Your Score History

You have not taken this quiz